000 00765nam a2200241 u 4500
001 000057616
005 20200120223706.0
008 130703s2007 ck a gr 000 0 spa d
020 _a9789583024009
041 0 _a|spa
043 _as-ck---
082 0 4 _a787.87
_bA26
_221
245 0 0 _aAcordes de guitarra :
_bfácil de usar, facil de llevar un acorde por página /
_ceditor : Jake Jackson ; traductor : Gabriela García de la Torre.
250 _a1a. ed.
260 _aBogotá :
_bPanamericana,
_c2007.
300 _a[400] p. :
_bil.
500 _aTítulo original : Guitar chords
650 1 4 _aGuitarra
_xEnseñanza
650 1 4 _aMúsica para guitarra
650 2 4 _aAcordes
700 1 _aJackson, Jake,
_eed.
700 1 _aGarcía de la Torre, Gabriela,
_etr
999 _c6882
_d6882